00568 2200205 4500001002100000005001500021035002000036245007900056100001600135250000600151300003300157700002200190260003900212082001200251084001800263020000600281600004100287990001700328990001700345INLIS00000000000150320230301111508 a0010-03230000031 aPaus yang Menelan Nabi Yunus /cFitri Nurul; Penerjemah, Tinca James Rivas0 aFitri Nurul a- a24 hlm. :bilus. ;c19,5 cm.0 aTinca James Rivas a[ s.i ] :bLingkar Media,c[ s.a ] a297.246 a297.246 FIT p a- 4aKisah Nabi sebelum Nabi Muhammad SAW a05004/H/2023 a05068/H/2023